20 Biggest Cities in Nevada - Statistics

General Stats
  • This quiz has been taken 64 times
  • The average score is 11 of 20
Answer Stats
Hint Answer % Correct
665,640 Las Vegas
100%
244,958 Enterprise
98%
57,819 Carson City
91%
343,382 Henderson
91%
278,226 Reno
91%
292,623 North Las Vegas
89%
20,860 Elko
72%
110,801 Sparks
72%
3,898 Ely
57%
14,799 Boulder City
46%
25,316 Fernley
43%
23,509 Mesquite
43%
8,214 Winnemucca
41%
9,659 Fallon
35%
4,493 West Wendover
26%
1,244 Wells
24%
3,223 Yerington
17%
1,796 Lovelock
15%
966 Caliente
11%
1,985 Carlin
11%
No matching quizzes found
Score Distribution
Percent of People with Each Score
Percentile by Number Answered
Your Score History
You have not taken this quiz